| 000 | 00504aam a2200181 4500 | ||
|---|---|---|---|
| 005 | 20170904132846.0 | ||
| 008 | 150625b xxu||||| |||| 00| 0 spa d | ||
| 041 | _aEspañol | ||
| 082 | _aCR 864.6 M977s | ||
| 100 |
_aMurillo, Roberto _926240 |
||
| 245 | _aSegundas Estancias | ||
| 260 |
_aEspaña _bEditorial Cultural Cartaginesa _c1990 |
||
| 300 | _a216 páginas | ||
| 650 |
_aCOSTA RICA _944092 |
||
| 650 |
_aESCRITORES CARTAGINESES _912912 |
||
| 650 |
_aENSAYOS COSTARRICENSES _923862 |
||
| 942 | _cBK | ||
| 999 |
_c3068 _d3068 |
||